A decent home for all? (Record no. 76445)
[ view plain ]
| 000 -LEADER | |
|---|---|
| fixed length control field | 01211cab a2200217 4500 |
| 001 - CONTROL NUMBER | |
| control field | ##L132445 |
| 008 - FIXED-LENGTH DATA ELEMENTS--GENERAL INFORMATION | |
| fixed length control field | 060209n2006 000 0 eng u |
| 035 ## - SYSTEM CONTROL NUMBER | |
| System control number | (Sirsi) u132445 |
| 041 0# - LANGUAGE CODE | |
| Language code of text/sound track or separate title | eng |
| 100 1# - MAIN ENTRY--PERSONAL NAME | |
| Personal name | Waritay, Samuel |
| 245 02 - TITLE STATEMENT | |
| Title | A decent home for all? |
| 260 ## - PUBLICATION, DISTRIBUTION, ETC. | |
| Date of publication, distribution, etc. | 2006 |
| 490 #0 - SERIES STATEMENT | |
| Series statement | New Law Journal |
| Volume/sequential designation | 156(7210) 3 February 2006, 186-187(2) |
| 520 ## - SUMMARY, ETC. | |
| Summary, etc. | Examines the underlying principles of the Housing Health and Safety Rating System (HHSRS) regulations which come into force on 6 April 2006. The philosophy behind HHSRS is that residential premises should provide a safe and healthy environment for occupiers and visitors, and that the design, construction and maintenance of such premises should be free from unnecessary and avoidable hazards. Considers the inspection regime, hazard assessment and scoring, and the four classes of harm most likely to be encountered by an occupier. |
| 590 ## - LOCAL NOTE (RLIN) | |
| Local note | IKA140206 |
| 650 24 - SUBJECT ADDED ENTRY--TOPICAL TERM | |
| Topical term or geographic name entry element | HOUSING ACT 2004 |
| 650 24 - SUBJECT ADDED ENTRY--TOPICAL TERM | |
| Topical term or geographic name entry element | HOUSING HEALTH AND SAFETY RATING SYSTEM (ENGLAND) REGULATIONS 2005 |
| 650 ## - SUBJECT ADDED ENTRY--TOPICAL TERM | |
| Topical term or geographic name entry element | HOUSING ACT 2004 PART I |
| 690 ## - LOCAL SUBJECT ADDED ENTRY--TOPICAL TERM (OCLC, RLIN) | |
| Topical term or geographic name as entry element | PROPERTY-RESIDENTIAL PROPERTY-RESIDENTIAL LANDLORD AND TENANT-RESIDENTIAL LANDLORD AND TENANT REFORM |
| 942 ## - ADDED ENTRY ELEMENTS (KOHA) | |
| Suppress in OPAC | 0 |
| Withdrawn status | Lost status | Source of classification or shelving scheme | Damaged status | Not for loan | Home library | Current library | Shelving location | Date acquired | Total Checkouts | Full call number | Barcode | Date last seen | Copy number | Price effective from | Koha item type |
|---|---|---|---|---|---|---|---|---|---|---|---|---|---|---|---|
| Dewey Decimal Classification | London | London | Journal article | 09/02/2006 | L132445 | 132445-1001 | 06/08/2019 | 1 | 06/08/2019 | Journal article |